| 000 | 00553pam a2200217 4500 | ||
|---|---|---|---|
| 001 | 4096348 | ||
| 005 | 20180118072133.0 | ||
| 008 | 740701s1975 njua 001 0 eng | ||
| 010 | _a 74013053 | ||
| 020 | _a0131122274 | ||
| 040 |
_aDLC _cDLC _dDLC |
||
| 041 | _aeng | ||
| 080 | _a515.15 FIS | ||
| 082 | 0 | 0 | _a515.15 FIS |
| 100 | 1 | _a37 | |
| 101 | _aMAT | ||
| 245 | 1 | 0 |
_aCalculus and analytic geometry _c[by] Robert C. Fisher [and] Allen D. Ziebur. |
| 350 | _a$14.95 | ||
| 906 |
_a7 _bcbc _corignew _d1 _eocip _f19 _gy-gencatlg |
||
| 942 |
_2ddc _cBK |
||
| 999 |
_c40475 _d40475 |
||